000 00411nam a2200145Ia 4500
008 220217s9999||||xx |||||||||||||| ||und||
020 _a0-07-054073-X
082 _a620.01 MAR
100 _aMartin, Mike, W and Schinziger, Roland
_95879
245 0 _aEthics in engineering
250 _a3rd
260 _aTata mc graw hill ltd.
_bNew Delhi
_c2007
300 _b260
650 _aENGINEERING ETHICS
_93047
999 _c177065
_d177065